Luật khiếu nại tố cáo
Gorde:
| Egile nagusia: | |
|---|---|
| Formatua: | Liburua |
| Hizkuntza: | Undetermined |
| Argitaratua: |
Hà Nội
Chính trị Quốc gia
2001
|
| Etiketak: |
Etiketa erantsi
Etiketarik gabe, Izan zaitez lehena erregistro honi etiketa jartzen!
|
| Thư viện lưu trữ: | Trung tâm Học liệu Trường Đại học Cần Thơ |
|---|
| LEADER | 00533nam a2200157Ia 4500 | ||
|---|---|---|---|
| 001 | CTU_46767 | ||
| 008 | 210402s9999 xx 000 0 und d | ||
| 082 | |a 347.59705 | ||
| 082 | |b V308/2001 | ||
| 100 | |a VIỆT NAM ( Cộng hòa Xã hội chủ nghĩa ) | ||
| 245 | 0 | |a Luật khiếu nại tố cáo | |
| 245 | 0 | |c VIỆT NAM ( Cộng hòa Xã hội chủ nghĩa ) | |
| 260 | |a Hà Nội | ||
| 260 | |b Chính trị Quốc gia | ||
| 260 | |c 2001 | ||
| 980 | |a Trung tâm Học liệu Trường Đại học Cần Thơ | ||